000 00675nam a2200229 a 4500
001 18152
003 CO-ViMGA
008 141112s2004 ck r 000 u spa d
020 _a9505116020
040 _aCO-ViMGA
_bspa
_cCO-ViMGA
082 0 4 _a808.83 C471
100 1 _aMontero, Rosa
_925837
245 1 0 _aLa cita y otros cuentos de mujeres infieles
260 _aBuenos Aires (Argentina),
_cAlfaguara,
_c2001
300 _a285.p.
590 _aForma de adquisición : Premio - Mincultura
650 1 4 _aCUENTOS - COLECCIONES
_919715
650 1 4 _aINFIDELIDAD - CUENTOS
_925838
650 1 4 _aMUJERES - CUENTOS
_92265
650 1 4 _aRELACIONES DE PAREJA
942 _2ddc
_cBK
999 _c27524
_d27524